Terrorism / (Record no. 90747)
[ view plain ]
| 000 -LEADER | |
|---|---|
| fixed length control field | 00394nam a22001577a 4500 |
| 005 - DATE AND TIME OF LATEST TRANSACTION | |
| control field | 20170202150116.0 |
| 008 - FIXED-LENGTH DATA ELEMENTS--GENERAL INFORMATION | |
| fixed length control field | 170202b xxu||||| |||| 00| 0 eng d |
| 020 ## - INTERNATIONAL STANDARD BOOK NUMBER | |
| International Standard Book Number | 1843760649 |
| 040 ## - CATALOGING SOURCE | |
| Transcribing agency | PK-LaUMT |
| 082 ## - DEWEY DECIMAL CLASSIFICATION NUMBER | |
| Classification number | 363.325 |
| Item number | TER- |
| 245 ## - TITLE STATEMENT | |
| Title | Terrorism / |
| Statement of responsibility, etc | Rosemary H.T.O'Kane(Editor) |
| 260 ## - PUBLICATION, DISTRIBUTION, ETC. (IMPRINT) | |
| Place of publication, distribution, etc | Northampton: |
| Name of publisher, distributor, etc | An elgar reference , |
| Date of publication, distribution, etc | 2005 |
| 300 ## - PHYSICAL DESCRIPTION | |
| Extent | 430 p. |
| 546 ## - LANGUAGE NOTE | |
| Language note | en |
| 942 ## - ADDED ENTRY ELEMENTS (KOHA) | |
| Koha item type | Books |
| Withdrawn status | Lost status | Damaged status | Home library | Current library | Date acquired | Full call number | Barcode | Date last seen | Copy number | Price effective from | Koha item type |
|---|---|---|---|---|---|---|---|---|---|---|---|
| UMT Main Campus | UMT Main Campus | 2017-02-02 | 363.325 TER- | 104415 | 2017-02-02 | Vol. 1 | 2017-02-02 | Books | |||
| UMT Main Campus | UMT Main Campus | 2017-02-02 | 363.325 TER- | 104391 | 2017-02-02 | Vol. 2 | 2017-02-02 | Books |
